000 00482cam a2200205 4500
001 0000001976
008 090401t xxu||||| |||| 00| 0 eng d
035 _a(Sirsi) u46771
041 _aeng
050 _a711.1
100 _aLee, Michael
245 _aPlanning inquiry study
260 _bLondon
_cDonaldsons
300 _avii. 163p. ill. 29cm
350 _a10
490 _aDonaldsons Research Report
_v3
700 _aKent, Elizabeth
942 _n0
948 _c04/03/1997
999 _c91994
_d91994